000 00820nam 22002773 4500
001 198987
010 _a972-27-1130-X
021 _aPT
_b178 144/02
090 _a198987
100 _a20251112d u||y0pory50 ba
101 _apor
102 _aPT
200 _aMethodo grammatical para todas as linguas
_fAmaro de Roboredo
_gedição de Marina A. Kossarik
210 _aLisboa
_cImprensa Nacional-Casa de Moeda
_d2002
215 _a63, [283] p.
_cil. ; brochado
_d25 cm
225 _aFilologia Portuguesa
606 _aLinguística.Línguas
_910311
610 _aLatim -- Gramática
610 _aGramática portuguesa
675 _a811.124
_vPT
_zpor
675 _a091.0
700 _914895
_aRoboredo
_bAmaro de
702 _914896
_aKossarik
_bMarina A.
801 _aPT
_bBMMN
_gRPC
830 _cAna
_fAna
990 _cLIVROS